000 00271nam a2200097Ia 4500
005 20250424112925.0
008 250424s9999 xx 000 0 und d
300 _av. , 3107 p. ; 24 cm.
650 _aFinance--Periodicals. Finance--United States--Periodicals.
942 _cSR
999 _c37906
_d37906